Pays sans les lettres de "BELGIQUE" - Statistiques

Statistiques générales
  • Ce quiz a été pris 33 fois
    10 depuis la dernière actualisation
  • Le résultat moyen est 6 sur 12
Statistiques - réponses
Continents Pays % Correct
Amérique du Nord Canada
88%
Afrique Maroc
75%
Europe Kosovo
63%
Asie Japon
50%
Europe Monaco
50%
Amérique du Nord Panama
50%
Océanie Samoa
50%
Asie Kazakhstan
38%
Afrique Rwanda
38%
Afrique Tchad
38%
Asie Oman
25%
Asie Myanmar
0%
Aucun quiz correspondant
Distribution des résultats
% des personnes avec chaque résultat
Percentile par nombre de réponses
Votre historique - résultats
Vous n’avez pas pris ce quiz depuis la dernière actualisation